| 000 | 00411nam a2200157 i 4500 | ||
|---|---|---|---|
| 001 | 56420 | ||
| 003 | ES-MaACL | ||
| 005 | 20230906163351.0 | ||
| 007 | t| | ||
| 008 | 180607s1918 fr ||||1| fre d | ||
| 100 | 1 |
_aGyp ( _d1849-1932) _961332 |
|
| 245 | 1 | 3 |
_aLe journal d'un cochon de pessimiste / _cGyp. |
| 260 |
_aParis : _bCalmann-Lévy, _c1918. |
||
| 300 |
_a358 p. ; _c19 cm. |
||
| 852 |
_aES-MaACL _jF-11182 |
||
| 999 |
_c56420 _d56420 |
||